First line of Twenty One Pilots songs - Statistics

General Stats
  • This quiz has been taken 206 times
  • The average score is 25 of 30
Answer Stats
First line Song % Correct
All my friends are heathens, take it slow Heathens
98%
I wish I found some better sounds no one's ever heard Stressed Out
98%
Sippin' on straight chlorine Chlorine
96%
I just wanna stay in the sun where I find Ride
96%
They say, "Stay in your lane, boy, lane, boy" Lane Boy
95%
Ah, I'm fairly local, I've been around Fairly Local
94%
I ponder of something great Car Radio
92%
Oh, I know how to levitate up off my feet Levitate
92%
She asked me, "Son, when I grow old" House of Gold
90%
East is up, I'm fearless when I hear this on the low Nico and the Niners
90%
Welcome back to Trench Overcompensate
90%
Walk the layout, routines in the night Routines in the Night
88%
Sometimes you gotta bleed to know Tear in my Heart
88%
Slow down on Monday Saturday
87%
There's an infestation in my mind's imagination Heavydirtysoul
86%
Na-na-na-na, oh, oh (x3) The Judge
86%
I'm taking over my body, back in control, no more shotty Holding on to You
85%
When everyone you thought you knew My Blood
84%
Rat race, place to place, adding weight Backslide
82%
I can't believe how much I hate Jumpsuit
82%
I know what you think in the morning Guns for Hands
81%
Stand up straight now (Ohh-ooh-ooh) Next Semester
77%
Panic on the brain, world has gone insane Level of Concern
76%
I wake up fine and dandy Ode to Sleep
71%
I'll keep on tryin', might as well Cut my Lip
70%
I don't bother anyone, nervous when I stand Choker
68%
Can't stop thinking about if and when I die Morph
68%
When I get home you better not be there Shy Away
66%
I'm already bored The Outside
61%
Seems I get in my own way The Craving
58%
No matching quizzes found
Score Distribution
Percent of People with Each Score
Percentile by Number Answered
Your Score History
You have not taken this quiz